000 00423nam a2200157 i 4500
001 104810
003 ES-MaACL
005 20230906183707.0
007 t|
008 051212s1908 fr ||||1| fre d
100 1 _aMirbeau, Octave.
_981577
245 1 3 _aLa 628-E8 /
_cOctave Mirbeau.
260 _aParis :
_b[s.n.],
_c1908 (
_fImp. Motteroz et Martinet)
300 _aXX, 416 p. ;
_c19 cm.
852 _aES-MaACL
_jF-10970
999 _c104810
_d104810